Environmental management in the hospitality industry <a> guide for students and managers
Salvato in:
| Autore principale: | |
|---|---|
| Natura: | Libro |
| Lingua: | inglese |
| Pubblicazione: |
London
Cassell
2000
|
| Soggetti: | |
| Tags: |
Nessun Tag, puoi essere il primo ad aggiungerne!!
|
MARC
| LEADER | 00000nam a2200000 4500 | ||
|---|---|---|---|
| 001 | c132803 | ||
| 005 | 20221221084254.5 | ||
| 020 | |a 0-304-33234-8 | ||
| 041 | 0 | |a eng | |
| 044 | |a GB | ||
| 245 | 1 | 0 | |a Environmental management in the hospitality industry |b <a> guide for students and managers |c Kathryn Webster |
| 264 | 1 | |a London |b Cassell |c 2000 | |
| 300 | |a 270 s. | ||
| 610 | 2 | 0 | |a manažment |
| 610 | 2 | 0 | |a riadenie |
| 610 | 2 | 0 | |a ekológia |
| 610 | 2 | 0 | |a pohostinstvo |
| 610 | 2 | 0 | |a hotelierstvo |
| 610 | 2 | 0 | |a technológie bezodpadové |
| 610 | 2 | 0 | |a recyklácia odpadu |
| 610 | 2 | 0 | |a ekologizácia |
| 610 | 2 | 0 | |a spracovanie odpadu |
| 100 | 1 | |a Webster, Kathryn | |